000 00578nam a2200265Ia 4500
003 IT-RoPAU
008 120407s9999 xx 000 0 und d
040 _aIT-RoPAU
040 _cIT-RoPAU
041 _aita
100 _aFranco Volpi
100 _ccur.
245 _aOltre la linea. A cura di Franco Volpi.
250 _aMilano
260 _aAdelphi
260 _c1989
300 _a167 p.
300 _c17,7 cm
490 _aPiccola Bibl. Adelphi
490 _v1233
700 _aErnst Junger
700 _aMartin Heidegger
942 _cBK
999 _c26890
_d26890